00478nam a2200169Ia 450000500170000000800410001702000180005804100120007608200130008810000210010124500820012226000380020430000210024265000110026365000120027470000220028620260429112227.0260429s9999||||xx |||||||||||||| ||und|| a9789395651967 aEnglish a954bNAY aNayak, Sadananda 0aRelooking at Indian history science, belief and narrative / cSadananda Nayak aNew Delhi : bKunal Books,c2023. aviii, 280 p.; hb a India aHistory a Malik, Sankarsan